<?xml version="1.0" encoding="UTF-8"?><?xml-stylesheet type="text/xsl" href="static/style.xsl"?><OAI-PMH xmlns="http://www.openarchives.org/OAI/2.0/" xmlns:xsi="http://www.w3.org/2001/XMLSchema-instance" xsi:schemaLocation="http://www.openarchives.org/OAI/2.0/ http://www.openarchives.org/OAI/2.0/OAI-PMH.xsd"><responseDate>2026-06-05T14:42:04Z</responseDate><request verb="GetRecord" identifier="oai:riuma.uma.es:10630/27168" metadataPrefix="marc">https://riuma.uma.es/rest/oai/request</request><GetRecord><record><header><identifier>oai:riuma.uma.es:10630/27168</identifier><datestamp>2026-02-03T12:07:46Z</datestamp><setSpec>com_10630_2254</setSpec><setSpec>col_10630_37959</setSpec></header><metadata><record xmlns="http://www.loc.gov/MARC21/slim" xmlns:dcterms="http://purl.org/dc/terms/" xmlns:doc="http://www.lyncode.com/xoai" xmlns:xsi="http://www.w3.org/2001/XMLSchema-instance" xsi:schemaLocation="http://www.loc.gov/MARC21/slim http://www.loc.gov/standards/marcxml/schema/MARC21slim.xsd">
   <leader>00925njm 22002777a 4500</leader>
   <datafield ind2=" " ind1=" " tag="042">
      <subfield code="a">dc</subfield>
   </datafield>
   <datafield ind2=" " ind1=" " tag="720">
      <subfield code="a">Ponce-Ortiz, Rocío</subfield>
      <subfield code="e">author</subfield>
   </datafield>
   <datafield ind2=" " ind1=" " tag="720">
      <subfield code="a">Gámez-Valenzuela, Sergio</subfield>
      <subfield code="e">author</subfield>
   </datafield>
   <datafield ind2=" " ind1=" " tag="720">
      <subfield code="a">Ruiz-Delgado, María del Carmen</subfield>
      <subfield code="e">author</subfield>
   </datafield>
   <datafield ind2=" " ind1=" " tag="720">
      <subfield code="a">Comí, Marc</subfield>
      <subfield code="e">author</subfield>
   </datafield>
   <datafield ind2=" " ind1=" " tag="720">
      <subfield code="a">Al-Hashimi, Mohammed</subfield>
      <subfield code="e">author</subfield>
   </datafield>
   <datafield ind2=" " ind1=" " tag="260">
      <subfield code="c">2023</subfield>
   </datafield>
   <datafield ind2=" " ind1=" " tag="520">
      <subfield code="a">The organic electronics research field has greatly advanced in the last decades, already rendering materials able to compete with their inorganic counterparts. However, the final blossoming of this field is expected to come with the complete understanding and control of the charge transport parameters in organic materials.&#xd;
In polymeric semiconductors, tuning the film morphology and crystallinity has been found to be crucial for efficient charge transport in devices. In this sense, planar backbones with locked conformations induced by intramolecular interactions are good candidates for high performing polymers. Thus, being able to elucidate both ordered and disordered phases in semiconducting films has been proven to be of great interest. Raman spectroscopy is a rapid, noninvasive technique able to gather information on molecular and supramolecular levels, thus being really useful for this purpose.&#xd;
In this communication, optical spectroscopies and, in particular Raman spectroscopy, are used to analyze the impact of the gradual fluorination on the electronic properties of donor-acceptor polymers, demonstrating that the final performance is highly dependent on the building blocks in with the fluorine atoms are introduced.</subfield>
   </datafield>
   <datafield ind1="8" ind2=" " tag="024">
      <subfield code="a">https://hdl.handle.net/10630/27168</subfield>
   </datafield>
   <datafield tag="653" ind2=" " ind1=" ">
      <subfield code="a">Espectroscopía Raman</subfield>
   </datafield>
   <datafield tag="653" ind2=" " ind1=" ">
      <subfield code="a">Semiconductores</subfield>
   </datafield>
   <datafield ind2="0" ind1="0" tag="245">
      <subfield code="a">Analysis of morphologic effects of polymeric semiconducting materials by Raman spectroscopy.</subfield>
   </datafield>
</record>
</metadata></record></GetRecord></OAI-PMH>